| 000 | nam a22 4500 | ||
|---|---|---|---|
| 999 |
_c28230 _d28230 |
||
| 008 | 170223b xxu||||| |||| 00| 0 eng d | ||
| 050 |
_aQA501 _b.H39 1962 |
||
| 100 | _aHawk Minor Clyde | ||
| 245 |
_aSchaum's outline of theory and problems of descriptive geometry : _bincluding 175 solved problems,complete solved in details / _cMinor Clyde Hawk |
||
| 260 |
_aNew York : _bSchaum, _c1962. |
||
| 300 |
_a212 p. : _bill. ; _c27 cm. |
||
| 500 | _aInclude index | ||
| 650 |
_aGeometrĂa diferencial _x Problemas, ejercicios, etc. |
||
| 942 |
_2lcc _cBOOKS _hQA501 .H39 1962 |
||